000
00340nam a22001457a 4500
008
221118b ||||| |||| 00| 0 eng d
020
_a
0314929649
041
_a
eng
080
_2
6TH EDITION
_a
004
082
_a
004MAN
100
_a
18
101
_a
SHKP
245
_a
COMPUTERS AND INFORMATION PROCESSING
_c
MANDELL S
942
_2
udc
_c
BK
999
_c
58942
_d
58942